1626 1022 1630 1395 1624 1139 1121 1846 1321 1882 1441 1473 1143 1916 1611 1933 1882 1623 1242 1306 1741 1972 1431 1634 1238 1162 1389 1582 1932 1857 1766 1780 1744 1158 1420 1853 1910 1024 1641 1093 1174 1558 1892 1095 1637 1366 1741 1049 1548 1470 1673 1130 1146 1924 1814 1666 1272 1550 1363 1987 1597 1403 1499 1822 1661 1016 1614 1917 1302 1547 1858 1103 1436 1294 1299 1801 1635 1233 1657 1180 1346 1652 1344 1721 1410 1762 1481 1398 1519 1717 1975 1713 1721 1742 1001 1695 1118 1308 1915 BCNSPRNW ULIB Ver.6.0+V

เปลี่ยนเป็นภาษาไทย

Change to English
 แสดงรายละเอียดบรรณานุกรม
  กลับหน้าหลัก

Brief Record : Get Marc (ISO 2709) : E-mail record : QR code < ปิดหน้าต่าง
LEADER : 00000nam 2200000uu 4500
001    13399124180
003     ULIB
008    150123s2555||||th 000 0 tha d
020    ^a9789740330271
060  4 ^aWG200^bส253ร
100 0  ^aสมนึก นิลบุหงสา
245 10 ^aระบบหัวใจและการทำงาน /^cสมนึก นิลบุหงา, ปานสิริ พันธุ์สุวรรณ
250    ^aพิมพ์ครั้งที่ 1
260    ^aกรุงเทพฯ :^bสำนักพิมพ์แห่งจุฬาลงกรณ์มหาวิทยาลัย,^c2555
300    ^a210 หน้า :^bภาพประกอบ
650  7 ^aระบบหัวใจและหลอดเลือด
650  7 ^aหัวใจ
650  7 ^aหลอดเลือด
700 0  ^aปานสิริ พันธุ์สุวรรณ
945    ^p150^l0^i038851
945    ^p150^l0^i038852
945    ^p150^l0^i038853
945    ^p150^l0^i038854
945    ^p150^l0^i038855
999    ^aเกษร โพธิ์สุวรรณ
รายการนี้ยังไม่มีแท็ก
คุณยังไม่ได้ล็อกอิน คุณสามารถมีกิจกรรมร่วมกับเว็บไซต์ได้ แต่ต้องล็อกอินก่อน ::
  ล็อกอิน

รายการสื่อสารสนเทศ

ลำดับที่ ประเภท เลขเรียก/บาร์โค้ด สถานที่ สถานะ
1. วิทยาศาสตร์การแพทย์ และสุขภาพ
หนังสือสำรอง
สถานะ=หนังสือสำรอง
WG200 ส253ร ฉ.1 
  Barcode: 038851
ห้องสมุดวิทยาเขตสวรรค์ประชารักษ์
►ส่วนจัดเก็บหนังสือเก่า สปร
บนชั้น
  ขอยืม
2. วิทยาศาสตร์การแพทย์ และสุขภาพ
วิทยาศาสตร์การแพทย์ และสุขภาพ
WG200 ส253ร ฉ.2 
  Barcode: 038852
ห้องสมุดวิทยาเขตสวรรค์ประชารักษ์
►ส่วนจัดเก็บหนังสือเก่า สปร
บนชั้น
  ขอยืม
3. วิทยาศาสตร์การแพทย์ และสุขภาพ
วิทยาศาสตร์การแพทย์ และสุขภาพ
WG200 ส253ร ฉ.3 
  Barcode: 038853
ห้องสมุดวิทยาเขตสวรรค์ประชารักษ์
►หนังสือทั่วไป
ถูกยืม กำหนดส่งวันที่ 13 สิงหาคม 2569
  จอง
4. วิทยาศาสตร์การแพทย์ และสุขภาพ
วิทยาศาสตร์การแพทย์ และสุขภาพ
WG200 ส253ร ฉ.4 
  Barcode: 038854
ห้องสมุดวิทยาเขตสวรรค์ประชารักษ์
►ส่วนจัดเก็บหนังสือเก่า สปร
บนชั้น
  ขอยืม
5. วิทยาศาสตร์การแพทย์ และสุขภาพ
วิทยาศาสตร์การแพทย์ และสุขภาพ
WG200 ส253ร ฉ.5 
  Barcode: 038855
ห้องสมุดวิทยาเขตสวรรค์ประชารักษ์
►ส่วนจัดเก็บหนังสือเก่า สปร
บนชั้น
  ขอยืม

รายการใกล้เคียง
    ผู้แต่ง [สมนึก นิลบุหงสา]

    หัวเรื่อง [ระบบหัวใจและหลอดเลือด]
    หัวเรื่อง [หัวใจ]
    หัวเรื่อง [หลอดเลือด]

BibComment


ยังไม่เคยถูกคอมเมนท์

คอมเมนท์ทรัพยากรรายการนี้
  คอมเมนท์: ระบบหัวใจและการท..


 Copyright 2026. Bcnsprnw @Library